Czyj to utwór? #2 - Statystyki

Ogólne statystyki
  • Ten quiz został rozwiązany 324 razy
    280 od ostatniego zresetowania
  • Średni wynik to 5 z 15
Statystyki odpowiedzi
Utwór Wykonawca/Zespół % Poprawnych
Gimme! Gimme! Gimme! Abba
83%
Africa Toto
70%
Sweet Dreams Eurythmics
43%
I Need A Hero Bonnie Tyler
39%
Asereje Las Ketchup
38%
Rivers Of Babylon Boney M
34%
Mockingbird Eminem
27%
Blue Eiffel 65
25%
(I Just) Died In Your Arms Cutting Crew
24%
Ms. Jackson OutKast
19%
Lemon Tree Fools Garden
15%
Bye Bye Bye *NSYNC
12%
Moonlight Shadow Mike Oldfield ft. Maggie Reilly
11%
It's Raining Men The Weather Girls
9%
C U When U Get There Coolio
4%
Nie znaleziono quizów pasujących do podanych kryteriów
Rozkład punktacji
Procent ludzi z każdym wynikiem
Percentyl według liczby udzielonych odpowiedzi
Twoja historia wyników
Nie rozwiązałeś tego quizu od ostatniego zresetowania